La Masculinidad robada: fundamentalismo y masculinidad en Latinoamérica /
Guardado en:
| 主要作者: | |
|---|---|
| 格式: | Texto |
| 主題: | |
| 標簽: |
添加標簽
沒有標簽, 成為第一個標記此記錄!
|
MARC
| LEADER | 00000 a a2200000 04500 | ||
|---|---|---|---|
| 001 | 197 | ||
| 003 | |||
| 040 | |||
| 100 | |a Rohr, Elisabeth | ||
| 245 | |a La Masculinidad robada: |b fundamentalismo y masculinidad en Latinoamérica / |c Elisabeth Rohr | ||
| 650 | |a SEXUALIDAD | ||
| 650 | |a RELIGION | ||
| 650 | |a ROL MASCULINO | ||
| 650 | |a INTEGRISMO | ||
| 650 | |a GRUPOS RELIGIOSOS | ||
| 650 | |a MISIONES RELIGIOSAS | ||
| 650 | |a SOCIALIZACION | ||
| 650 | |a POBLACION INDIGENA | ||
| 650 | |a AMERINDIOS | ||
| 650 | |a PSICOLOGIA | ||
| 650 | |a ETNOLOGIA | ||
| 773 | |g volumen 13, número 93; páginas 43-70 | ||
| 999 | |c 27360 |d 27360 | ||
| 773 | 0 | |0 18811 |9 3249 |a Universidad de Costa Rica. Instituto de Investigaciones en Psicología |d San José, C.R.: Editorial de la UCR |o 07051 |t Actualidades en Psicología / | |
